| 000 | 00369nam a2200145Ia 4500 | ||
|---|---|---|---|
| 008 | 191201s2002 xx 000 0 und d | ||
| 082 |
_a646.4072 _bALP |
||
| 100 | _aALDRICH, Winifred | ||
| 245 | 0 | _aPattern Cutting for Women's Tailored Jackets | |
| 250 | _a1st | ||
| 260 |
_aN.Delhi _bOm Book Service _c2002 |
||
| 300 | _a120 | ||
| 650 | _aB.Tech(TE) | ||
| 942 |
_2ddc _cBK |
||
| 999 |
_c2586 _d2586 |
||